000 00854nam a2200277Ia 4500
003 OSt
005 20220918223759.0
006 a|||||r|||| 00| 0
007 ta
008 220917b |||||||| |||| 00| 0 eng d
024 _a225,055
037 _cTextual
040 _aARTS
_cARTS
_beng
041 _2eng
_aeng
082 _a2:7, P3 (2D)
100 _aBopp Richard E. Ed.
_945120
245 0 _aReference and information services
_b An introduction
250 _a3rd
260 _aEnglewood
_bLibrary Unlimited a Division of Greenwood Publishing Group,
_c2005
300 _axxiii, 611p.
_ccm.
490 _aLibrary and Information science text series
650 _aLIBRARY SCIENCE
700 _a Smith Linda C. Ed.
_945121
942 _h2:7, P3 (2D)
_cTEXL
_2CC
999 _c279435
_d279435